Palmarès du ballon d'or de football par pays - Statistiques

Statistiques générales
  • Ce quiz a été pris 750 fois
    693 depuis la dernière actualisation
  • Le résultat moyen est 17 sur 26
Statistiques - réponses
Rang Ballon d'or 2e 3e Total Pays % Correct
2 7 4 12 23 France
100%
8 7 5 1 13 Argentine
99%
4 7 10 1 18 Portugal
98%
1 7 10 11 28 Allemagne
97%
9 5 2 4 11 Brésil
97%
5 3 5 9 17 Espagne
94%
6 5 8 4 17 Italie
93%
3 6 8 6 20 Angleterre
92%
7 7 4 6 17 Pays-Bas
89%
25 0 0 1 1 Belgique
75%
17 1 1 0 2 Croatie
75%
15 1 0 2 3 Ukraine
66%
16 0 1 2 3 Pologne
62%
17 1 1 0 2 Hongrie
60%
14 3 0 0 3 URSS
56%
10 1 1 2 4 Danemark
55%
13 2 0 1 3 Tchéquie
55%
22 1 0 0 1 Liberia
49%
23 0 1 0 1 Sénégal
49%
23 0 1 0 1 Autriche
48%
17 1 1 0 2 Bulgarie
48%
12 1 1 1 3 Ecosse
45%
11 0 3 1 4 Yougoslavie
38%
21 1 0 1 2 Irlande-du-Nord
35%
25 0 0 1 1 Pays-de-Galles
34%
25 0 0 1 1 Finlande
32%
Aucun quiz correspondant
Distribution des résultats
% des personnes avec chaque résultat
Percentile par nombre de réponses
Votre historique - résultats
Vous n’avez pas pris ce quiz depuis la dernière actualisation